Men made new: (Record no. 5732)

000 -LEADER
fixed length control field 00734nam a2200205 a 4500
001 - CONTROL NUMBER
control field :::00003474$&:&@@
003 - CONTROL NUMBER IDENTIFIER
control field OkBaRHE
005 - DATE AND TIME OF LATEST TRANSACTION
control field 20100401124737.0
008 - FIXED-LENGTH DATA ELEMENTS--GENERAL INFORMATION
fixed length control field s1966 j 000 0 eng u
040 ## - CATALOGING SOURCE
Transcribing agency
100 1# - MAIN ENTRY--PERSONAL NAME
Personal name Stott, John R. W.
245 10 - TITLE STATEMENT
Title Men made new:
Remainder of title an exposition of Romans 5-8.
250 ## - EDITION STATEMENT
Edition statement [1st ed.]
260 ## - PUBLICATION, DISTRIBUTION, ETC. (IMPRINT)
Place of publication, distribution, etc Chicago, IL., :
Name of publisher, distributor, etc Inter-Varsity Press
Date of publication, distribution, etc 1966
300 ## - PHYSICAL DESCRIPTION
Extent 108 p. ;
Dimensions 18 cm.
650 ## - SUBJECT ADDED ENTRY--TOPICAL TERM
Topical term or geographic name as entry element Bible New Testament Romans V-VIII
General subdivision Commentaries
942 ## - ADDED ENTRY ELEMENTS (KOHA)
Source of classification or shelving scheme
Koha item type Books
Copies
Full call number Copy number Current Location Total Checkouts Withdrawn status Not for loan Date checked out Total Renewals Lost status Koha item type Date acquired Shelving location Barcode Damaged status Permanent Location Price effective from Date last seen Source of classification or shelving scheme
BS 2665.3 .S8 19662       Books2010-04-14General Stacks15662 RHEMA Bible Training College2010-04-142018-03-28 
BS 2665.3 .S8 19661RHEMA Bible Training College1  2014-02-241 Books2010-04-14General Stacks3474 RHEMA Bible Training College2010-04-142018-03-28